Sports Quiz

Random Sports or NBA Quiz

Basketball Terminology (clickable) Quiz Stats

 Plays Quiz not verified by Sporcle

Challenge
Share
Tweet
Embed
Score 0/20 Timer 05:00
0 Plays Today
% Correct
Alley-Oop
86.2%
Crunch Time
83.1%
Swat
82%
Ankle Breaker
81.6%
Pump Fake
79.9%
Goaltending
79.1%
Camping in the Key
78%
Windmill
76.6%
Give and Go
75.1%
Pine Time
74.3%
% Correct
Box Out
70.1%
Posterize
68.4%
Cherry Picking
66.1%
Pick
65.9%
Teardrop
64.9%
Baby Hook
63.8%
Cross Over
60.3%
Black Hole
53.3%
Bunny
49.4%
Show and Go
44.4%

You're not logged in!

Compare scores with friends on all Sporcle quizzes.
Join for Free
OR
Log In

You Might Also Like...

Show Comments

Extras

Top Quizzes Today


Score Distribution

Your Account Isn't Verified!

In order to create a playlist on Sporcle, you need to verify the email address you used during registration. Go to your Sporcle Settings to finish the process.

Report this User

Report this user for behavior that violates our Community Guidelines.

Details: